LEADER 02177nam 2200529 450 001 9910463823103321 005 20200520144314.0 010 $a1-4597-2389-9 035 $a(CKB)2670000000496181 035 $a(EBL)1480874 035 $a(OCoLC)865330439 035 $a(SSID)ssj0001642410 035 $a(PQKBManifestationID)16406077 035 $a(PQKBTitleCode)TC0001642410 035 $a(PQKBWorkID)14963936 035 $a(PQKB)11183517 035 $a(MiAaPQ)EBC1480874 035 $a(Au-PeEL)EBL1480874 035 $a(CaPaEBR)ebr11254941 035 $a(EXLCZ)992670000000496181 100 $a20181230d2013 uy 0 101 0 $aeng 135 $aur|n|---||||| 181 $ctxt 182 $cc 183 $acr 200 10$a149 paintings you really should see in Europe $eThe Netherlands, Belgium, and Sweden /$fJulian Porter 210 1$aToronto :$cDundurn,$d[2013] 210 4$d©2013 215 $a1 online resource (80 p.) 300 $aDescription based upon print version of record. 327 $a""Cover""; ""9""; ""THE PAINTINGS""; ""THE GALLERIES""; ""NOTES""; ""Copyright"" 330 $a This chapter from Julian Porter's essential companion to all the major European museums and galleries discusses some of the greatest paintings to be found in the museums and galleries of The Netherlands, Belgium, and Sweden. His passion for art began with the seven years he spent as a student tour guide in Europe. In this segment he visits Amsterdam, Stockholm, The Hague, Bruges, Antwerp and Ghent and discusses works by the Dutch masters such as Vermeer, Rembrandt, and Van Eyck, but also Van Gogh and Renoir. In the usually pretentious arena of art connoisseurs, Porter's voice stands out as 606 $aArt museums$zNetherlands 606 $aArt museums$zBelgium 608 $aElectronic books. 615 0$aArt museums 615 0$aArt museums 676 $a759.9407409492 700 $aPorter$b Julian$0872369 801 0$bMiAaPQ 801 1$bMiAaPQ 801 2$bMiAaPQ 906 $aBOOK 912 $a9910463823103321 996 $a149 paintings you really should see in Europe$91947645 997 $aUNINA LEADER 03119oam 22007694a 450 001 9910734993003321 005 20210209184950.0 010 $a9782760516328 010 $a2760516326 010 $a9781435698260 010 $a1435698266 035 $a(CKB)1000000000720325 035 $a(EBL)600323 035 $a(OCoLC)681484911 035 $a(SSID)ssj0000735102 035 $a(PQKBManifestationID)11419991 035 $a(PQKBTitleCode)TC0000735102 035 $a(PQKBWorkID)10745170 035 $a(PQKB)10966292 035 $a(CaBNvSL)thg00603999 035 $a(CaPaEBR)422439 035 $a(MiAaPQ)EBC3257529 035 $a(OCoLC)236364124 035 $a(MdBmJHUP)muse21084 035 $a(MiAaPQ)EBC600323 035 $a(Au-PeEL)EBL600323 035 $a(CaPaEBR)ebr11337649 035 $a(CaONFJC)MIL936008 035 $a(PPN)170232980 035 $a(FR-PaCSA)88801236 035 $a(VaAlCD)20.500.12592/x9tx38 035 $a(schport)gibson_crkn/2009-12-01/7/422439 035 $a(FRCYB88801236)88801236 035 $a(EXLCZ)991000000000720325 100 $a20000211d2000 uy 0 101 0 $afre 135 $aur|n|---||||| 181 $ctxt 182 $cc 183 $acr 200 12$aL'industrie touristique $eStratégie concurrentielle des entreprises /$fVincent Sabourin 205 $a1st ed. 210 $aSainte-Foy [Que.] $cPresses de l'Universite? du Que?bec$d2000 215 $a1 online resource (164 p.) 225 1 $aCollection Tourisme 300 $aDescription based upon print version of record. 311 08$a9782760510388 311 08$a2760510387 320 $aIncludes bibliographical references (p. [131]-142). 327 $aL'INDUSTRIE TOURISTIQUE; De?dicace; Remerciements; Table des matie?res; Liste des figures; Liste des tableaux; Introduction; Chapitre 1_Les concepts et les perspectives de la strate?gie dans l'industrie du tourisme; Chapitre 2_La conception de la firme et de son syste?me d'affaires; Chapitre 3_Le positionnement strate?gique et la structure de l'industrie; Chapitre 4_Les phases et les strate?gies de marche?; Chapitre 5_L'organisation; Conclusion; Bibliographie; L'auteur 330 $aUn ouvrage unique en franc?ais dans lequel sont de?crites les strate?gies commerciales de?veloppe?es par des entreprises lie?es au tourisme. Les explications sont illustre?es par de nombreux exemples tire?s du monde des affaires, en particulier de l'industrie touristique (chai?nes ho?telie?res, transporteurs ae?riens, parcs d'amusement, etc.). 410 0$aTourisme (Presses de l'Universite du Quebec) 606 $aStrategic planning 606 $aTourism$xMarketing 606 $aTourism$xManagement 608 $aElectronic books. 615 0$aStrategic planning. 615 0$aTourism$xMarketing. 615 0$aTourism$xManagement. 676 $a338.4/791/068 700 $aSabourin$b Vincent$01258570 801 0$bMdBmJHUP 801 1$bMdBmJHUP 906 $aBOOK 912 $a9910734993003321 996 $aL'industrie touristique$93411321 997 $aUNINA